[Event "RUS-ch"]
[Site "Elista"]
[Date "1996.??.??"]
[Round "5"]
[White "Beshukov, Sergei"]
[Black "Vokarev, Sergey"]
[Result "1/2-1/2"]
[WhiteElo "2460"]
[BlackElo "2310"]
[Annotator "Tsesarsky,I"]
[PlyCount "60"]
[EventDate "1996.10.15"]
[EventType "swiss"]
[EventRounds "11"]
[EventCountry "RUS"]
[SourceTitle "CBM 056"]
[Source "ChessBase"]
[SourceDate "1997.02.01"]
[SourceVersion "1"]
[SourceVersionDate "1997.02.01"]
[SourceQuality "1"]

1. e4 c5 2. Nf3 Nc6 3. d4 cxd4 4. Nxd4 g6 5. c4 Nf6 6. Nc3 d6 7. Be2 Nxd4 8.
Qxd4 Bg7 9. O-O O-O 10. Qe3 Bd7 11. Bd2 (11. Rd1 {Illescas Cordoba,M} Qb6 $5 {N
} 12. Qxb6 axb6 13. Be3 Bc6 14. f3 Nd7 15. Rdc1 $6 (15. Bd4 $14 {Illescas
Cordoba,M}) 15... Nc5 16. Rc2 Rfc8 $10 {1-0 Illescas Cordoba,M-Leko,P/Leon
1993 (43)}) 11... Bc6 12. Rab1 (12. Rac1 a6 13. a3 a5 14. b3 Nd7 15. b4 axb4
16. axb4 b6 17. Ra1 e6 18. f3 Re8 {1/2-1/2 Liberzon,V-Damjanovic,M/Amsterdam
IBM 1969}) 12... Qb6 13. Qd3 (13. Qxb6 axb6 14. f3 Nd7 15. a3 Bd4+ 16. Kh1 Rfc8
$11 (16... Nc5 17. Nd5 $14)) 13... a5 14. Be3 Qd8 15. f3 (15. b3 Nd7 16. f3 $14
) 15... Nd7 16. Rfd1 a4 17. b4 (17. Nd5 Re8 18. Nb4 Ne5 19. Qd2 (19. Nxc6 bxc6
20. Qd2 c5 21. f4 Nc6 $11 {[%csl Yd4]}) 19... Qc7 20. Rbc1 $14) 17... axb3 18.
axb3 Qa5 19. b4 (19. Nd5 Bxd5 20. exd5 (20. cxd5 Ne5 21. b4 Qa4 22. Qd2 Rfc8
$11) 20... Qb4 $11 (20... Nc5 $6 21. b4 Nxd3 22. bxa5 Nc5 23. Bxc5 dxc5 24.
Rxb7 Rfe8 25. Rb5 Bc3 26. Rxc5 $16)) 19... Qe5 $6 (19... Qd8 $14) 20. Rb3 (20.
Nd5 $5 Ra2 21. f4 Qe6 22. Bf3 (22. b5 $6 Bxd5 23. cxd5 Qf6 24. Rd2 Rfa8 25.
Rxa2 Rxa2 26. Bf3 b6 27. Qb3 Ra5 28. Rc1 Nc5 $15) 22... Bxd5 23. cxd5 Qf6 24.
Bg4 Nb8 25. Qb3 Ra8 26. Rbc1 (26. b5 {[%csl Rb8]} Qh4 (26... Rd8 27. g3 $1 {
[%csl Gb6,Rd8,Rf6][%cal Ge3d4]} (27. Rbc1 Nd7 28. Rc7 Nc5 29. Qc2 b6 30. g3 Ra1
31. Rxa1 Qxa1+ 32. Qd1 (32. Kg2 Ra8 $15) 32... Qxd1+ 33. Bxd1 Ra8 34. Kg2 Nxe4
35. Rxe7 Nc3 36. Bf3 Nxb5 37. Bxb6 Bf6 $11) 27... Qc3 28. Qxc3 Bxc3 29. Rbc1
Ba5 30. Bc8 $1 b6 31. Rc7 Kf8 32. Rdc1 Ke8 33. Kf2 Nd7 34. Bb7 Ra7 (34... Rab8
35. Bc6 $18) 35. Kf3 h5 36. R1c6 $22 $18 {[%cal Ge3d4,Ge4e5]}) 27. Bh3 f5 (
27... Bh6 28. Rf1 $16) 28. exf5 gxf5 29. Rbc1 $16) 26... Na6 27. Rd2 $16) 20...
b6 (20... Qe6 21. Nd5 Ra2 22. Nf4 Qe5 (22... Qf6 23. b5 Ne5 (23... Nc5 24. Bxc5
dxc5 25. Qb1 $1 (25. bxc6 Qxf4 26. Rxb7 $2 (26. cxb7 Bd4+ 27. Kh1 Rb8 28. Rb5
$1 (28. g3 Qc7 29. Rdb1 Ra7 $11) 28... Ra7 $140 29. Qb3 Qc7 30. Rb1 $16) 26...
Bd4+ 27. Kh1 Qd6 28. Rdb1 (28. Rd7 $4 Qxc6 29. Rxe7 Rb8 $19 {[%csl Re7]}) 28...
e5 29. R1b6 Rc8 30. Rd7 Qf6 31. Rbb7 Rxc6 32. Rxf7 Qxf7 33. Rxf7 Kxf7 34. h4
Rd6 $11) 25... Ra4 26. bxc6 Qxf4 27. cxb7 $16) 24. Qb1 $18) 23. Ra3 (23. b5 $2
Nc5 $15)) 21. f4 Qe6 22. Bf3 Rfc8 23. Nd5 Bxd5 (23... Ba4 $4 24. f5 Qe5 (24...
gxf5 25. exf5 Qe5 26. Bf4 Qd4+ 27. Qxd4 Bxd4+ 28. Rxd4 Bxb3 29. Nxe7+ Kg7 30.
Nxc8 Rxc8 31. Rxd6 $18) 25. Bf4 Qd4+ 26. Qxd4 Bxd4+ 27. Rxd4 Bxb3 28. Nxe7+ Kf8
29. Nxc8 Rxc8 30. Bxd6+ $18) 24. cxd5 $16 Qf6 25. Bg4 Rc7 26. Bxd7 Rxd7 27.
Bxb6 $2 (27. Rc1 Bh6 (27... e5 28. dxe6 Qxe6 29. f5 Qe5 30. Bxb6 d5 31. Rd1 Rb7
32. Bd4 Qxd4+ 33. Qxd4 Bxd4+ 34. Rxd4 dxe4 35. fxg6 f5 36. gxh7+ Kxh7 37. b5
Ra1+ 38. Kf2 Ra2+ 39. Kg3 Rg7+ 40. Kf4 Rf2+ 41. Ke5 Rgxg2 42. b6 Rf3 43. Rdb4
Rg8 44. b7 Rb8 45. Rb1 $1 $18 (45. Kd6 $2 Rxb3 46. Rxb3 f4 47. Ke5 (47. Kc7 $2
Rxb7+ 48. Rxb7 (48. Kxb7 f3 $19) 48... f3 49. Kd6+ Kg6 50. Ke5 f2 51. Rb6+ Kg5
52. Rf6 e3 $19) 47... f3 48. Kxe4 f2 $11) 45... Kg6 (45... e3 $2 46. Rh4+ (46.
Kd6 e2 47. Kc7 Rxb7+ 48. Rxb7 Rf1 $11) 46... Kg6 47. Rg1+ Kf7 48. Rh7+ Kf8 49.
Kf6 {Mate}) 46. Rb6+ Kg5 47. Rc6 Re8+ 48. Re6 Rb8 49. Rg1+ Kh5 50. Re7 Kh6 51.
Rgg7 {Mate}) 28. g3 Rb7 29. Ra3 $16) 27... Qxf4 28. Be3 Qg4 29. h3 Qg3 30. Bf2
Qxd3 1/2-1/2

[Event "RUS-ch"]
[Site "Elista"]
[Date "1996.??.??"]
[Round "3"]
[White "Vokarev, Sergey"]
[Black "Rashkovsky, Nukhim N"]
[Result "0-1"]
[WhiteElo "2310"]
[BlackElo "2530"]
[Annotator "Tsesarsky,I"]
[PlyCount "160"]
[EventDate "1996.10.15"]
[EventType "swiss"]
[EventRounds "11"]
[EventCountry "RUS"]
[SourceTitle "CBM 056"]
[Source "ChessBase"]
[SourceDate "1997.02.01"]
[SourceVersion "1"]
[SourceVersionDate "1997.02.01"]
[SourceQuality "1"]

1. e4 {Tsesarsky} c5 2. Nf3 d6 3. d4 cxd4 4. Nxd4 Nf6 5. f3 Nc6 (5... e5 {-B54}
) 6. c4 Nxd4 7. Qxd4 g6 8. Nc3 Bg7 9. Be3 O-O 10. Qd2 Be6 11. Rc1 Nd7 (11...
Qa5 12. Nd5 Qxd2+ (12... Qxa2 13. Nxe7+ Kh8 14. Be2 Ng8 (14... Rfe8 15. Nd5
Nxd5 16. cxd5 Bxd5 $2 17. exd5 Qxb2 18. Qxb2 Bxb2 19. Rc2 Bf6 20. Kf2 Re7 21.
Rd1 $18 {1-0 Tsesarsky-Shevelev/Petach-Tikva 1992 (64)}) 15. Nd5 Bxd5 16. cxd5
Qxb2 17. Qxb2 Bxb2 18. Rb1 Bc3+ 19. Kf2 b6 20. Rhc1 Be5 21. Rc7 f5 22. exf5
Rxf5 23. g4 Rff8 24. g5 Rae8 25. Rxa7 Re7 26. Ra4 $1 $16 Rb7 27. f4 Rbf7 28.
Kg3 Bg7 29. Bg4 Ne7 30. Be6 Nf5+ 31. Kf3 Rb7 32. Bxf5 Rxf5 33. Ra8+ Rf8 34.
Rxf8+ Bxf8 35. Rxb6 Rxb6 36. Bxb6 $18 Kg8 37. f5 gxf5 38. Kf4 Kf7 39. Kxf5 Bg7
40. h4 Be5 41. h5 Bc3 42. Be3 Bb2 43. Bd2 Bd4 44. Bb4 Be5 45. Ba3 Bg3 46. Bb2
Bf2 47. g6+ hxg6+ 48. hxg6+ Kg8 49. Ke6 Bc5 50. Bf6 {1-0 Tsesarsky-Zilberman/
Ramat-Gan 1991}) 13. Kxd2 Nxd5 (13... Bxd5 14. cxd5 $16 {[%cal Gg2g3,Gf1h3]})
14. cxd5 Bd7 15. Rc7 $16) 12. Be2 Qa5 $146 (12... Ne5 13. b3 f5 14. O-O Kh8 15.
Rfd1 b6 16. f4 Nd7 17. Bf3 Rc8 18. Bd4 h6 19. Nb5 a6 20. Bxg7+ Kxg7 21. Nd4 $16
{1-0 Horvath,G-Parkanyi,A/Zalakaros op 1994 (38)}) (12... Rc8 13. b3 a6 14. O-O
Ne5 15. f4 Nc6 16. f5 Bd7 17. Nd5 Rb8 18. f6 $1 exf6 19. Bb6 Qe8 20. Nxf6+ $16
{1-0 Smejkal,J-Visier Segovia,F/EU-chT Kapfenberg 1970 (30)}) 13. b3 $6 (13.
Nd5 $5 Qxd2+ 14. Kxd2 Bxd5 15. cxd5 Rac8 (15... Bxb2 16. Rc7 Nc5 17. Rb1 Bf6
18. Bxc5 dxc5 19. Rbxb7 $16) 16. b3 a6 $14) 13... Rfc8 $11 {[%cal Ga7a6,Gb7b5]}
14. Nb5 Qxd2+ (14... Qd8 $2 15. Nxa7 $16) 15. Kxd2 a5 $6 {Takes Black squares
and gives b5 point} (15... a6 16. Nd4 Nc5 17. b4 Na4 18. Nxe6 fxe6 19. f4 a5
20. b5 Nc5 21. Bf3 e5 $11) 16. Nd4 (16. Nc3 Kf8 17. h4 h5 {[%cal Gd7c5]} 18.
Nd5 a4 $11) 16... Nc5 17. Rc2 (17. Rb1 $14 {[%cal Gh1c1]}) 17... Bd7 18. g4 Na6
$5 19. a4 $6 (19. h4 Nb4 20. Rb2 Nc6 21. Kd3 (21. Kc3 b5 $1) 21... a4 $132 (
21... Nb4+ $11)) (19. a3 $142 Nc5 20. Rb1 Kf8 $14 (20... a4 21. b4 Bxd4 22.
Bxd4 Nb3+ 23. Kd3 Rc6 (23... Nxd4 24. Kxd4 f6 (24... g5 25. Rh1 h6 26. h4 Kg7
$14) 25. h4 $14) 24. Bf2 Rac8 25. b5 Nc5+ 26. Ke3 R6c7 27. f4 $14)) 19... Nc5
20. Rb1 Rf8 {[%csl Rb3][%cal Gf7f5]} 21. Rcc1 f5 22. gxf5 (22. exf5 gxf5 23. h3
(23. h4 fxg4 24. fxg4 Be5 $15) 23... fxg4 24. hxg4 $11) 22... gxf5 23. exf5
Bxf5 24. Nxf5 Rxf5 25. Rg1 Kf7 26. Rg5 (26. Rg3 Rf8 27. Bd1 $140 {[%csl Yb3]
[%cal Gd1c2] To free the rook b1}) 26... Rxg5 27. Bxg5 Bf6 28. Be3 Rg8 29. Bf1
(29. b4 $2 Nxa4 30. bxa5 Rg2 $19) 29... Bg5 30. f4 Bf6 31. Bh3 Rg6 {[%cal
Gg6h6]} 32. f5 $6 (32. Bxc5 $142 dxc5 33. Re1 $11) 32... Rg8 33. Bxc5 dxc5 $15
34. Rf1 (34. Re1 Bg5+ (34... Bd4 35. Re2 Rg1 36. Bg2 b6 37. Bd5+ Kf6 38. Re6+
Kxf5 39. Rxe7 $11) 35. Kc2 Bf4 36. Re2 Rg1 $15) 34... Bd4 35. Rf4 Rg1 36. Rh4
Rb1 37. Rxh7+ Bg7 (37... Kf6 38. Rh6+ Ke5 39. Re6+ Kf4 40. Rxe7 Rxb3 41. Rh7
Rb2+ 42. Kd3 Rxh2 43. Rh5 $15) 38. Bg4 Rxb3 39. Bd1 Ra3 40. Rh4 (40. Bc2) 40...
Bc3+ 41. Ke2 Bf6 42. Rh7+ Ke8 43. Bc2 Kd7 44. Rh6 Rc3 45. Bd3 Rb3 46. Bc2 Rc3
47. Bd3 Kd6 48. Rg6 Ra3 49. Bc2 Rh3 50. Rg2 Ke5 (50... Rh4 51. Bd3 Be5 52. Kf3
Bxh2 53. Rg6+ Kd7 54. f6 exf6 55. Rxf6 Bc7 56. Bf5+ Ke7 57. Re6+ Kf7 58. Re4
Rh1 $17) 51. Kd2 Rh4 52. Bd3 Kd4 53. h3 $2 (53. Kc2 Rh3 (53... Be5 54. h3 $1
$11) (53... b6 54. Rd2 Bg5 55. Re2 Be3 56. Rg2 Bf4 57. Re2 Be3 58. Rg2) 54. Rd2
Bg5 55. Bf1+ Bxd2 56. Bxh3 Bf4 57. Bg2 Bxh2 58. Bd5 $11) 53... Rxh3 $17 54.
Rg4+ Ke5 55. Re4+ Kd6 56. Re6+ Kd7 57. Rb6 Kc7 58. Re6 Rh1 59. Be2 $2 (59. Bc2
$17) 59... Bg5+ 60. Kc2 Ra1 61. Kb3 Rb1+ 62. Kc3 (62. Ka2 Rb4 63. Ka3 Bc1+ $19)
62... Bf6+ 63. Kd3 Ra1 $19 64. Ke4 Rxa4 65. Kd5 b6 66. Re3 Ra2 67. Bf3 Rd2+ 68.
Ke6 Bg5 69. Ra3 Rd6+ 70. Kf7 Rd4 71. Bd5 Bf6 72. Ke6 Rd1 73. Re3 Rd2 74. Rb3
Re2+ 75. Kf7 Bb2 76. Bf3 Rd2 77. Re3 Bf6 78. Bh1 a4 79. Ra3 b5 $1 80. cxb5 Rd4
0-1

[Event "RUS-ch"]
[Site "Elista"]
[Date "1996.??.??"]
[Round "6"]
[White "Zvjaginsev, Vadim"]
[Black "Sorokin, Maxim"]
[Result "0-1"]
[WhiteElo "2590"]
[BlackElo "2550"]
[Annotator "Tsesarsky,I"]
[PlyCount "78"]
[EventDate "1996.10.15"]
[EventType "swiss"]
[EventRounds "11"]
[EventCountry "RUS"]
[SourceTitle "CBM 056"]
[Source "ChessBase"]
[SourceDate "1997.02.01"]
[SourceVersion "1"]
[SourceVersionDate "1997.02.01"]
[SourceQuality "1"]

1. c4 {Belov} c5 2. Nf3 g6 3. d4 cxd4 4. Nxd4 Nc6 5. e4 Nf6 6. Nc3 d6 7. Be2
Nxd4 8. Qxd4 Bg7 9. O-O (9. Bg5 {Boensch} O-O 10. Qe3 Be6 11. Rc1 a6 12. O-O b5
13. cxb5 axb5 14. a3 $14 {Arnason - Petursson, Reykjavik 1990}) 9... O-O 10.
Qd3 Be6 11. Bd2 (11. Be3 {Boensch}) (11. Be3 {Belov} Qa5 12. Bd4 Rfc8 13. b3
Nd7 14. Bxg7 Kxg7 15. f4 Nf6 16. Kh1 a6 17. a4 Bd7 18. Rae1 Bc6 $10 {Smejkal,
J-Levchenkov,V/Lubniewice/1994/0,5/73/}) 11... Nd7 12. b3 a6 (12... Ne5 13. Qg3
Nc6 14. Kh1 Nd4 15. Bd3 Rc8 16. Rad1 a6 17. f4 b5 18. f5 bxc4 $6 (18... Bd7 19.
Nd5 $14) 19. fxe6 cxd3 20. exf7+ Rxf7 21. Rxf7 (21. Qxd3 Rxf1+ 22. Rxf1 Ne6 23.
Qd5 Qd7 $11) 21... Kxf7 22. Qxd3 Kg8 (22... Qd7 23. Qxa6 Nxb3 $2 24. axb3 Bxc3
25. Rc1 $18) 23. Qxa6 Kh8 24. Qd3 Qa5 25. Rf1 Rc6 $6 (25... Nc6 $142 $16) 26.
Ne2 Qc5 $6 (26... Qb5 27. Qxb5 Nxb5 28. Rc1 $18) (26... Qa6 27. Qxa6 Rxa6 28.
Nxd4 Bxd4 29. a4 $18) 27. Be3 {1-0 Smyslov,V-Kortschnoj,V/URS-ch28 Moscow 1961
(Tsesarsky)}) (12... Nc5 13. Qe3 Bd7 14. Rab1 Bc6 15. f3 a5 16. Kh1 Re8 17.
Rfd1 b6 18. Be1 Qb8 19. Bf2 Qb7 20. Bf1 Reb8 21. Nd5 Qd7 22. Qg5 Bxd5 23. Qxd5
Qc7 24. Qd2 Rd8 25. Qe3 Rab8 26. Rd5 e6 27. Rd2 e5 {Black squares blockade -
The main idea of this variation} 28. Rdd1 Ne6 29. Qd2 Nd4 30. Bd3 Qe7 31. Rf1
Bf6 {1/2-1/2 Leko,P-Tiviakov,S/Groningen 1995}) 13. f4 (13. Rad1 b5) (13. Rac1
{Boensch} Qb6 (13... Ne5 14. Qe3 (14. Qg3 Nc6 15. f4 Nd4 16. Bd3 f5 17. exf5
Bxf5 18. Bxf5 Rxf5 19. Qd3 Qd7 20. Nd5 Raf8 21. Bc3 Nc6 22. Bxg7 Kxg7 23. Qe4
$14 {1/2-1/2 Almasi Zoltan-Tiviakov Sergei/It (cat.13), Buenos Aires 
(Argentina) 1996 (58)}) 14... Nc6 15. Nd5 Nd4 16. Bd3 Bd7 17. Bc3 e5 18. f4 Bc6
19. f5 $14 {1/2-1/2 Rodriguez,A-Antunes,A/Malaga op 1991 (46)}) 14. Kh1 Qd4 $6
(14... Nc5 {Boensch} 15. Qe3 Qc6) 15. Qc2 $1 (15. Qxd4 {Boensch} Bxd4 $10)
15... Rfc8 16. f4 f5 17. exf5 Bxf5 18. Qd1 Nf6 (18... Nc5 {Boensch} 19. Nd5 $18
) 19. Bf3 Rab8 (19... Qb6 {Boensch} 20. Qe2 Re8 21. g4 Bd7 22. g5 $16) 20. Qe1
$1 Bg4 21. Bxg4 Nxg4 22. Nd5 $18 {1-0 Fedorowicz,J-Polgar,Z/Amsterdam OHRA-B
1990 (32)}) 13... b5 14. cxb5 axb5 15. f5 $2 (15. Qxb5 $1 f5 (15... Qc7 16.
Rfc1 f5 17. Bf3 Rfb8 18. Qe2 Qb6+ (18... Bxb3 19. exf5 $18) 19. Kf1 $16) 16.
Bc4 Bxc4 17. Qxc4+ Kh8 18. exf5 Rc8 19. Qd3 Rxf5 $14) 15... Bxb3 $1 $17 (15...
b4 {Belov} 16. fxe6 bxc3 17. exf7+ Rxf7 18. Rxf7 Kxf7 19. Bxc3 $16) 16. Qxb5 (
16. axb3 $2 Rxa1 17. Rxa1 b4 $17 (17... b4 {Belov} 18. Ra6 bxc3 19. Bxc3 Bxc3
20. Qxc3 Ne5 $15)) 16... Rb8 17. Qd3 $8 (17. Qa6 {Belov} Nc5 18. Qa3 Bc2 $17)
17... Ne5 (17... Nc5 $5 18. Qe3 Bc2 19. Rac1 Rb2 (19... Bxc3 $2 20. Qxc3 Bxe4
21. Bh6 $16) 20. fxg6 hxg6 21. Bf3 e6 $17) 18. Qe3 (18. Qg3 {Belov} Bc4 19.
Rae1 Rb2 $17) 18... Nc4 19. Bxc4 Bxc4 20. Rf3 (20. Rfb1 $142) 20... Qb6 21.
Qxb6 $8 Rxb6 22. Rc1 $6 (22. a4 gxf5 23. exf5 Ra8 $17) 22... Rb2 23. Bg5 $6 (
23. Be3 Bxa2 24. Nxa2 Rxa2 $17) 23... Bd4+ 24. Be3 (24. Kh1 {Belov} f6 25. Be3
Bxe3 26. Rxe3 Bxa2 $17) 24... Bxe3+ 25. Rxe3 Bxa2 $19 26. e5 (26. Nxa2 Rxa2 27.
Rc7 Rb8 28. h3 (28. Re1 {Belov} Rbb2 29. Rxe7 Rxg2+ 30. Kh1 Rxh2+ 31. Kg1 Rhg2+
32. Kh1 Kg7 $19) 28... Rbb2 29. Rg3 Kf8 $19) (26. Nd5 e6 $19) 26... dxe5 27.
Rxe5 (27. Nxa2 Rxa2 28. Rxe5 Rd8 {The game}) 27... Rd8 $1 28. Nxa2 (28. Na4
Rbd2 (28... Rb4 29. Nc3) 29. fxg6 hxg6 30. Rxe7 Bd5 31. g3 Rg2+ (31... Kf8 32.
Rec7 Rg2+ 33. Kf1 Rxh2 $19) 32. Kf1 Rxh2 33. Rcc7 Ra8 34. Ra7 Rxa7 35. Rxa7 Ra2
$19 {[%csl Ra4][%cal Ya2a7]}) (28. Rxe7 {Belov} Rdd2 29. Nxa2 $8 (29. f6 Rxg2+
30. Kf1 Bc4+ 31. Ke1 Rg1#) 29... Rxg2+ 30. Kf1 Rxa2 31. fxg6 hxg6 32. h4 Rh2
$19) 28... Rxa2 29. fxg6 (29. Rxe7 Rdd2 30. f6 Rxg2+ 31. Kh1 Rxh2+ 32. Kg1 h5
33. Rc8+ Kh7 34. Rxf7+ Kh6 35. Rff8 Rhg2+ 36. Kh1 Rgf2 37. Kg1 Rf5 38. Rc7 Raf2
39. f7 Kg5 40. Rc5 Rxc5 41. Kxf2 Rc7 $19) 29... hxg6 30. h4 (30. h3 Rdd2 31.
Rg5 Kg7 $19) 30... Rd4 (30... Rdd2 {Belov} 31. Rg5 e6 32. h5 $132) 31. h5 (31.
g3 {Belov} Rg4 32. Re3 e6 $17) 31... Rg4 32. Rc8+ Kg7 33. hxg6 Rgxg2+ 34. Kf1
Rgf2+ 35. Kg1 Rfd2 36. Rc1 Rg2+ 37. Kh1 Rh2+ 38. Kg1 Rag2+ 39. Kf1 Rxg6 (39...
Rxg6 {Belov} 40. Rxe7 Rh1+ $19) 0-1